Catalog

Record Details

Catalog Search



Then again, maybe I won't  Cover Image Book Book

Then again, maybe I won't / Judy Blume.

Blume, Judy, (author.).

Summary:

There is a lot going on in his life that thirteen-year-old Tony Miglione does not really understand--like why his parents suddenly have money enough to buy a house on Long Island, why his mother has changed, why his rich friend Joel shoplifts, why he is obsessed with Joel's sixteen-year-old sister, and why he is having terrible stomach pains.

Record details

  • ISBN: 9781481414388
  • ISBN: 1481414380
  • ISBN: 9781481413657
  • ISBN: 1481413651
  • ISBN: 9781481413664
  • ISBN: 148141366X
  • Physical Description: 150 pages ; 21 cm
  • Edition: Atheneum books for Young Readers paperback edition.
  • Publisher: New York : Atheneum Books for Young Readers, 2014.

Content descriptions

General Note:
"A Richard Jackson Book."
Originally published: Scarsdale, N.Y. : Bradbury Press, [1971].
Subject: Emotional problems of children > Juvenile fiction.
Families > New York (State) > Long Island > Juvenile fiction.
Friendship > Juvenile fiction.
Long Island (N.Y.) > Juvenile fiction.
Genre: Fiction.
Juvenile works.

Available copies

  • 1 of 1 copy available at scottsboropl.

Holds

  • 0 current holds with 1 total copy.
Show Only Available Copies
Location Call Number / Copy Notes Barcode Shelving Location Status Due Date
scottsboropl YA Blu 32269001157497 Young Adult - Fiction Available -

LDR 03108cam a2200733 i 4500
001155819
003SBPL
00520210518124629.0
008130919s2014 nyu d 000 1 eng c
020 . ‡a9781481414388 ‡q(hardcover)
020 . ‡a1481414380 ‡q(hardcover)
020 . ‡a9781481413657 ‡q(digest pbk.)
020 . ‡a1481413651 ‡q(digest pbk.)
020 . ‡a9781481413664 ‡q(trade pbk.)
020 . ‡a148141366X ‡q(trade pbk.)
035 . ‡a(OCoLC)855581356 ‡z(OCoLC)879327084 ‡z(OCoLC)881706478
05000. ‡aPZ7.B6265 ‡bTh 2014
08204. ‡a[Fic] ‡223
08204. ‡a813.54 ‡223
1001 . ‡aBlume, Judy, ‡eauthor.
24510. ‡aThen again, maybe I won't / ‡cJudy Blume.
2463 . ‡aThen again, maybe I will not
250 . ‡aAtheneum books for Young Readers paperback edition.
264 1. ‡aNew York : ‡bAtheneum Books for Young Readers, ‡c2014.
300 . ‡a150 pages ; ‡c21 cm
336 . ‡atext ‡btxt ‡2rdacontent
337 . ‡aunmediated ‡bn ‡2rdamedia
338 . ‡avolume ‡bnc ‡2rdacarrier
500 . ‡a"A Richard Jackson Book."
500 . ‡aOriginally published: Scarsdale, N.Y. : Bradbury Press, [1971].
520 . ‡aThere is a lot going on in his life that thirteen-year-old Tony Miglione does not really understand--like why his parents suddenly have money enough to buy a house on Long Island, why his mother has changed, why his rich friend Joel shoplifts, why he is obsessed with Joel's sixteen-year-old sister, and why he is having terrible stomach pains.
650 0. ‡aEmotional problems of children ‡vJuvenile fiction.
650 0. ‡aFamilies ‡zNew York (State) ‡zLong Island ‡vJuvenile fiction.
650 0. ‡aFriendship ‡vJuvenile fiction.
651 0. ‡aLong Island (N.Y.) ‡vJuvenile fiction.
655 7. ‡aFiction. ‡2lcgft
655 7. ‡aJuvenile works.
901 . ‡a155819 ‡b ‡c155819 ‡tbiblio

Additional Resources